Teatro (alberti) /

Guardado en:
Autor Principal: Alberti, Rafael
Formato: Libro
Publicado: Buenos Aires : Losada, 1956
Edición:2a. ed.
Materias:
Etiquetas: Agregar Etiqueta
Sin Etiquetas, Sea el primero en etiquetar este registro!
LEADER 00537nam a22001935a 4500
001 EHU.bham024263
003 AR-BHAM
005 20130507141457.0
008 130507s1956##################000#0#####d
082 8 6 |a 862.6 
100 1 |a Alberti, Rafael 
245 1 0 |a Teatro (alberti) /  |c Rafael Alberti 
250 |a 2a. ed. 
260 |a Buenos Aires :  |b Losada,  |c 1956 
300 |a 270 p. 
653 |a Donacion lejarraga 
653 |a Teatro espaÑol 
653 |a Teatro espaÑol-1901- 
859 |a AR-BHAM  |b BIB. HUMANIDADES - General  |h 862.6  |i AL14-1  |p 9.02  |t Ej.1